| 000 | 00475nam a22001817a 4500 | ||
|---|---|---|---|
| 003 | MPLRDC | ||
| 005 | 20220104113838.0 | ||
| 008 | 210129b ||||| |||| 00| 0 eng d | ||
| 020 | _a962-17-0347-6 | ||
| 082 | _a857.62 BYRB v.4 | ||
| 100 | _a夏树静子 | ||
| 245 |
_a虚幻的承诺 _c叶蕙译 |
||
| 260 |
_a _b博益出版集团有限公司 _c1988 |
||
| 300 | _b平 | ||
| 490 | _a博益日本推理小说精选 | ||
| 650 | _a推理小说 | ||
| 942 |
_cBK _o857.62 BYRB v.4 |
||
| 999 |
_c2812 _d2802 |
||